Score 0/25 Timer 04:00
0 Plays Today
Column % Correct
Column 2Dolly Parton
91%
Column 4David Bowie
90.4%
Column 1Daniel Radcliffe
87.2%
Column 5Denzel Washington
84.5%
Column 4Diane Keaton
77.8%
Column 2Dustin Hoffman
76.8%
Column 3Diana Ross
74.8%
Column 4Drew Carey
70.7%
Column 3Dakota Fanning
69.1%
Column 1Dean Martin
63.3%
Column 1Dick Clark
62.4%
Column 3Donna Summer
59.7%
Column 1Donny Osmond
54.9%
Column % Correct
Column 2Daryl Hannah
52.1%
Column 1Dionne Warwick
51.7%
Column 5Davy Jones
49.4%
Column 5Doris Day
49%
Column 2Dudley Moore
48.9%
Column 3Desi Arnaz Sr.
44.8%
Column 5Damon Wayans
44.7%
Column 2Duke Ellington
44.1%
Column 3Demi Lovato
42.1%
Column 4Dizzy Gillespie
40.5%
Column 5Dylan McDermott
34.9%
Column 4Delta Burke
33.9%
Remove Ads.
Support Sporcle.
Get the best of Sporcle when you Go Orange. This ad-free experience offers more features, more stats, and more fun while also helping to support Sporcle. Thank you for becoming a member.

You're not logged in!

Compare scores with friends on all Sporcle quizzes.
OR
Log In

Show Comments

Extras

Top Quizzes Today


Score Distribution

Your Account Isn't Verified!

In order to create a playlist on Sporcle, you need to verify the email address you used during registration. Go to your Sporcle Settings to finish the process.

Report this User

Report this user for behavior that violates our Community Guidelines.

Details: